|
|
|
|
| LEADER |
00000naa2a2200000 4500 |
| 001 |
627107 |
| 005 |
20231101133438.0 |
| 035 |
|
|
|a (RuTPU)RU\TPU\conf\26806
|
| 035 |
|
|
|a RU\TPU\conf\26805
|
| 090 |
|
|
|a 627107
|
| 100 |
|
|
|a 20180815d2018 k y0rusy50 ca
|
| 101 |
0 |
|
|a rus
|
| 102 |
|
|
|a RU
|
| 105 |
|
|
|a y z 101zy
|
| 135 |
|
|
|a drcn ---uucaa
|
| 181 |
|
0 |
|a i
|
| 182 |
|
0 |
|a b
|
| 200 |
1 |
|
|a Получение сорбционных материалов на базе полиалюмофенилсилоксанов и изучение их нефтеемкости
|f М. А. Самусь, Д. А. Портянкин
|g науч. рук. С. Г. Красицкая
|
| 203 |
|
|
|a Текст
|c электронный
|
| 225 |
1 |
|
|a Химическая технология полимерных материалов
|
| 230 |
|
|
|a 1 компьютерный файл (pdf; 759 Kb)
|
| 300 |
|
|
|a Заглавие с экрана
|
| 320 |
|
|
|a [Библиогр.: с. 543 (3 назв.)]
|
| 463 |
|
0 |
|0 (RuTPU)RU\TPU\conf\26227
|t Химия и химическая технология в XXI веке
|o материалы XIX Международной научно-практической конференции студентов и молодых ученых имени профессора Л. П. Кулёва, 21-24 мая 2018 г., г. Томск
|f Национальный исследовательский Томский политехнический университет
|v [С. 542-543]
|d 2018
|
| 610 |
1 |
|
|a электронный ресурс
|
| 610 |
1 |
|
|a сорбционные материалы
|
| 610 |
1 |
|
|a нефтеемкость
|
| 610 |
1 |
|
|a синтез
|
| 610 |
1 |
|
|a пористые материалы
|
| 610 |
1 |
|
|a полимеры
|
| 610 |
1 |
|
|a темплаты
|
| 700 |
|
1 |
|a Самусь
|b М. А.
|
| 701 |
|
1 |
|a Портянкин
|b Д. А.
|
| 702 |
|
1 |
|a Красицкая
|b С. Г.
|4 727
|
| 712 |
0 |
2 |
|a Дальневосточный федеральный университет
|
| 801 |
|
2 |
|a RU
|b 63413507
|c 20180821
|g RCR
|
| 856 |
4 |
|
|u http://earchive.tpu.ru/handle/11683/49971
|
| 942 |
|
|
|c BK
|